Return to Earth (Record no. 606150)

MARC details
000 -LEADER
fixed length control field 00412nam a22001577a 4500
008 - FIXED-LENGTH DATA ELEMENTS--GENERAL INFORMATION
fixed length control field 251231b |||||||| |||| 00| 0 eng d
020 ## - INTERNATIONAL STANDARD BOOK NUMBER
ISBN 9780194790697
Paper back/Hardbound pbk
041 ## - LANGUAGE CODE
Language code of text/sound track or separate title eng
082 ## - DEWEY DECIMAL CLASSIFICATION NUMBER
Classification number 823.0083
Item number CHR
100 ## - MAIN ENTRY--AUTHOR NAME
Personal name Christopher, John
245 ## - TITLE STATEMENT
Title Return to Earth
Statement of responsibility, etc by John Christopher
260 ## - PUBLICATION, DISTRIBUTION, ETC. (IMPRINT)
Place of publication New York
Name of publisher Oxford University Press
Year of publication 1954
300 ## - PHYSICAL DESCRIPTION
Number of Pages 56p.
942 ## - ADDED ENTRY ELEMENTS (KOHA)
Koha item type English Books
Holdings
Withdrawn status Lost status Damaged status Not for loan Home library Current library Shelving location Date acquired Full call number Accession Number Price effective from Koha item type
        Anna Centenary Library Anna Centenary Library CHILDREN SECTION-1ST FLOOR, B WING 27.11.2010 823.0083 CHR 376625 31.12.2025 English Books
        Anna Centenary Library Anna Centenary Library CHILDREN SECTION-1ST FLOOR, B WING 25.02.2011 823.0083 CHR 544252 31.12.2025 English Books
        Anna Centenary Library Anna Centenary Library CHILDREN SECTION-1ST FLOOR, B WING 27.11.2010 823.0083 CHR 375881 14.01.2026 English Books

Find us on the map